[Event "Kings-Kemper"]
[Site "?"]
[Date "2002.04.04"]
[Round "?"]
[White "Goncharoff, Nic"]
[Black "Mossbridge, Adam"]
[Result "0-1"]
[WhiteElo "1673"]
[BlackElo "1733"]
[PlyCount "102"]
[EventDate "2002.??.??"]

1. e4 d5 2. exd5 Nf6 3. h3 Nxd5 4. Nf3 Nc6 5. c3 a6 6. d4 Bf5 7. Be2 e6 8. a3
Bd6 9. b4 Bxb1 10. c4 Nc3 11. Qb3 Nxe2 12. Qxb1 Nexd4 13. Nxd4 Nxd4 14. Be3 Nf5
15. Qe4 Nxe3 16. Qxe3 Qf6 17. O-O O-O 18. Rad1 Rad8 19. c5 Bf4 20. Qe4 c6 21.
g3 Bc7 22. Kg2 Rxd1 23. Rxd1 Rd8 24. Qe2 Rxd1 25. Qxd1 Qd8 26. Qf3 Qd5 27. a4
Be5 28. h4 Kf8 29. h5 Bc3 30. b5 cxb5 31. Qxd5 exd5 32. Kf3 b4 33. Ke3 d4+ 34.
Kd3 b3 35. f4 Ke7 36. g4 h6 37. g5 hxg5 38. fxg5 Ke6 39. h6 gxh6 40. gxh6 b2
41. Kc2 b1=Q+ 42. Kxb1 d3 43. Kc1 Kf5 44. h7 Ke4 45. Kd1 f5 46. Kc1 f4 47. Kb1
f3 48. c6 bxc6 49. h8=Q Bxh8 50. Kc1 f2 51. Kd2 f1=Q 0-1

[Event "Kemper-Kings"]
[Site "?"]
[Date "2002.04.04"]
[Round "?"]
[White "Olsen, Art"]
[Black "Gryparis, John"]
[Result "1-0"]
[WhiteElo "1574"]
[BlackElo "1497"]
[PlyCount "65"]
[EventDate "2002.??.??"]

1. d4 d5 2. Nf3 e6 3. e3 a6 4. c4 Bb4+ 5. Bd2 Bxd2+ 6. Nbxd2 Nf6 7. Bd3 Nc6 8.
Ne5 Nxe5 9. dxe5 Nd7 10. Qg4 g6 11. f4 Nc5 12. Be2 c6 13. a3 O-O 14. O-O b5 15.
cxb5 axb5 16. b4 Na4 17. Nf3 h6 18. Nh4 Kh7 19. Bd3 Rg8 20. Rac1 Nb2 21. Bb1
Nc4 22. Rc3 d4 23. Rd3 Nxe3 24. Qh3 Nxf1 25. Kxf1 Qb6 26. g4 c5 27. Rg3 c4 28.
f5 d3 29. fxe6 fxe6 30. Rf3 Ra7 31. Rf6 g5 32. Bxd3+ Kg7 33. Nf5+ 1-0

[Event "Kemper-Knights"]
[Site "?"]
[Date "2001.10.09"]
[Round "?"]
[White "Siwek, Mark"]
[Black "Fridman, Yuri"]
[Result "0-1"]
[WhiteElo "1984"]
[BlackElo "2039"]
[PlyCount "112"]
[EventDate "2001.??.??"]

1. e4 c5 2. Nf3 e6 3. d4 cxd4 4. Nxd4 Nf6 5. Nc3 d6 6. Bg5 Be7 7. Qd2 Nc6 8.
Nb3 a6 9. Be2 b5 10. Bxf6 Bxf6 11. O-O-O Be7 12. f4 O-O 13. Bf3 Bb7 14. Kb1 Qb6
15. Nd4 Nxd4 16. Qxd4 Qc7 17. Rhe1 Rac8 18. Qd3 b4 19. Ne2 Rfd8 20. Nd4 d5 21.
e5 Bc5 22. Ne2 Bc6 23. Ng3 Bb5 24. Qd2 a5 25. Be2 Ba4 26. Bd3 g6 27. h4 Bf8 28.
h5 Bh6 29. hxg6 hxg6 30. Rh1 Bg7 31. Qe2 Qc5 32. b3 Bd7 33. Qf3 a4 34. Ne2 axb3
35. cxb3 Qa5 36. Qf2 Rc7 37. g4 Rdc8 38. Rc1 Bb5 39. Bxb5 Qxb5 40. Qe3 Rxc1+
41. Nxc1 Qc5 42. Qe2 Qc3 43. Nd3 Qd4 44. Rf1 Rc3 45. Nb2 Re3 46. Qc2 Rc3 47.
Qg2 g5 48. fxg5 Bxe5 49. Rd1 Qe3 50. g6 fxg6 51. Rf1 Bf4 52. Qh1 g5 53. Re1 Qd2
54. Rd1 Qc2+ 55. Ka1 Be5 56. Qe1 Re3 0-1

[Event "Knights-Kemper"]
[Site "?"]
[Date "2001.10.09"]
[Round "?"]
[White "Augsburger, Len"]
[Black "Subeck, Jeff"]
[Result "1-0"]
[WhiteElo "1698"]
[BlackElo "1394"]
[PlyCount "39"]
[EventDate "2001.??.??"]

1. e4 e5 2. Nf3 Nc6 3. Bb5 Nf6 4. O-O Bc5 5. c3 a6 6. Ba4 b5 7. Bc2 O-O 8. d4
exd4 9. cxd4 Bb6 10. e5 Nd5 11. Qd3 g6 12. Ng5 h6 13. Nxf7 Rxf7 14. Bxh6 Nxe5
15. dxe5 Ne7 16. Bb3 Qe8 17. Qf3 Rb8 18. Qf6 Nf5 19. Qxg6+ Kh8 20. Bxf7 1-0

[Event "Kemper-Knights"]
[Site "?"]
[Date "2001.10.09"]
[Round "?"]
[White "McKinney, Tom"]
[Black "Alfonso, Ed"]
[Result "0-1"]
[WhiteElo "1217"]
[BlackElo "1595"]
[PlyCount "70"]
[EventDate "2001.??.??"]

1. e4 c6 2. d4 d5 3. e5 Bf5 4. Bd3 Bxd3 5. Qxd3 e6 6. Nf3 Nd7 7. Ng5 Nh6 8. Qf3
c5 9. c3 cxd4 10. cxd4 Qb6 11. Qf4 Be7 12. O-O Bxg5 13. Qxg5 Nf5 14. Rd1 h6 15.
Qg4 O-O-O 16. Nc3 h5 17. Qf4 g5 18. Qxg5 Rdg8 19. Qf4 Rg4 20. Qf3 Nh4 21. Qh3
Nxg2 22. Qxg2 Rxg2+ 23. Kxg2 Rg8+ 24. Kf3 f6 25. Na4 Qc6 26. b3 fxe5 27. Bb2
e4+ 28. Ke3 Qd6 29. Rh1 Rf8 30. Rac1+ Kd8 31. Nc5 Qf4+ 32. Ke2 Qxf2+ 33. Kd1
Qf3+ 34. Kc2 Nxc5 35. dxc5 Qd3# 0-1

[Event "Kings-Knights"]
[Site "?"]
[Date "2001.11.08"]
[Round "?"]
[White "Wallach, Cliff"]
[Black "Samelson, Chris"]
[Result "1-0"]
[WhiteElo "2005"]
[BlackElo "1923"]
[PlyCount "49"]
[EventDate "2001.??.??"]

1. e4 e6 2. d4 d5 3. Nc3 dxe4 4. Nxe4 Nf6 5. Bg5 Be7 6. Nxf6+ Bxf6 7. Bxf6 Qxf6
8. Nf3 O-O 9. Bd3 Nc6 10. O-O b6 11. Re1 Bb7 12. c3 Ne7 13. Ne5 Qg5 14. Be4
Bxe4 15. Rxe4 f6 16. Nf3 Qf5 17. Qe1 Ng6 18. Rxe6 Ne5 19. Re7 Nxf3+ 20. gxf3
Qxf3 21. Qe6+ Kh8 22. Re1 Qh5 23. Re3 Rfd8 24. Rxc7 Rd5 25. Rc8+ 1-0

[Event "Kings-Knights"]
[Site "?"]
[Date "2001.11.08"]
[Round "?"]
[White "Cygan, Joe"]
[Black "Balicki, Jeff"]
[Result "1-0"]
[WhiteElo "1823"]
[BlackElo "1711"]
[PlyCount "49"]
[EventDate "2001.??.??"]

1. e4 d5 2. exd5 Nf6 3. Nc3 Nxd5 4. Qf3 e6 5. Bc4 Nb6 6. Bb3 c5 7. d3 Bd6 8.
Qg4 Be5 9. Be3 Qe7 10. f4 Bxc3+ 11. bxc3 O-O 12. Ne2 N8d7 13. O-O c4 14. dxc4
Nc5 15. Rad1 Nbd7 16. Ng3 Nf6 17. Qg5 Ncd7 18. Nh5 g6 19. Rxd7 Bxd7 20. Nxf6+
Kh8 21. Bd4 e5 22. Bxe5 Qc5+ 23. Kh1 Qc6 24. Qh6 Bh3 25. Qxh7# 1-0

[Event "Knights-Kings"]
[Site "?"]
[Date "2001.11.08"]
[Round "?"]
[White "Augsburger, Len"]
[Black "Goncharoff, Nic"]
[Result "1-0"]
[WhiteElo "1698"]
[BlackElo "1673"]
[PlyCount "91"]
[EventDate "2001.??.??"]

1. e4 c5 2. d4 cxd4 3. c3 dxc3 4. Nxc3 a6 5. Nf3 d6 6. Bc4 e6 7. O-O Be7 8. Qe2
b6 9. Bb3 h6 10. Rd1 Bb7 11. Bf4 Qc7 12. Rac1 Nc6 13. Nd5 exd5 14. exd5 O-O-O
15. Nd4 Kb8 16. Nxc6+ Bxc6 17. Rxc6 Qb7 18. Be3 Ka8 19. Rxb6 Qc8 20. Rc1 Qd7
21. Rxa6+ Kb8 22. Rac6 Nf6 23. Qb5+ Qb7 24. Rb6 Rd7 25. Rcc6 Rc8 26. h3 Bd8 27.
Rxb7+ Rxb7 28. Rxc8+ Kxc8 29. Qc6+ Bc7 30. Bd4 Nd7 31. Ba4 Nf6 32. Bxf6 gxf6
33. Bb5 Kb8 34. a4 Ka7 35. Qa6+ Kb8 36. Bc6 Ra7 37. Qb5+ Kc8 38. b4 h5 39. a5
h4 40. a6 f5 41. Bb7+ Kd8 42. Qc6 f4 43. b5 Rxb7 44. Qxb7 f5 45. b6 Bxb6 46.
Qxb6+ 1-0

[Event "Kings-Knights"]
[Site "?"]
[Date "2001.11.08"]
[Round "?"]
[White "Gryparis, John"]
[Black "Alfonso, Ed"]
[Result "0-1"]
[WhiteElo "1497"]
[BlackElo "1595"]
[PlyCount "114"]
[EventDate "2001.??.??"]

1. e4 c6 2. Nf3 d5 3. exd5 cxd5 4. d4 Nf6 5. Be2 Nc6 6. Bb5 Bf5 7. Nc3 e6 8.
Bg5 Qc7 9. Ne5 Bd6 10. Bxc6+ bxc6 11. Bxf6 gxf6 12. Nf3 Bg4 13. h3 Bh5 14. O-O
Rg8 15. Qd3 Bg6 16. Qd2 Bf4 17. Qe2 Bf5 18. Kh1 Kd7 19. Nh4 Bg6 20. Nxg6 Rxg6
21. Qf3 Rag8 22. Ne2 Bd6 23. Rg1 f5 24. g3 f6 25. Rg2 f4 26. g4 f5 27. Rag1
fxg4 28. Rxg4 e5 29. Rxg6 hxg6 30. Qg4+ Kd8 31. Qg5+ Be7 32. Qxe5 Qxe5 33. dxe5
g5 34. Nd4 Kd7 35. c3 c5 36. Nb5 a6 37. Na3 Ke6 38. Re1 Rb8 39. b3 c4 40. b4 a5
41. Nc2 axb4 42. cxb4 Bxb4 43. Rb1 Bd6 44. Nd4+ Kd7 45. e6+ Kc8 46. Nb5 Bc5 47.
Kg2 Rb7 48. a4 Kd8 49. Re1 d4 50. Re5 Bb6 51. e7+ Rxe7 52. Rxg5 c3 53. Na3 d3
54. Rb5 c2 55. Rd5+ Rd7 56. Rxd3 c1=Q 57. Rxd7+ Kxd7 0-1

[Event "Knights"]
[Site "?"]
[Date "2001.11.08"]
[Round "?"]
[White "Balicki, Jeff"]
[Black "Karandikar, Shekhar"]
[Result "1-0"]
[WhiteElo "1711"]
[BlackElo "1590"]
[PlyCount "79"]
[EventDate "2001.??.??"]

1. d4 Nf6 2. c4 g6 3. Nc3 Bg7 4. e4 d6 5. f3 c6 6. Be3 Qa5 7. Qd2 Nbd7 8. Nge2
Nb6 9. Ng3 h5 10. h4 Bd7 11. Bd3 e5 12. b4 Qxb4 13. Rb1 Qa5 14. O-O exd4 15.
Bxd4 Nxe4 16. Bxe4 Nxc4 17. Qd3 Ne5 18. Qe3 Nc4 19. Qf2 Bxd4 20. Qxd4 Qc5 21.
Qxc5 dxc5 22. Rxb7 Nd6 23. Rb2 f5 24. Bc2 O-O-O 25. Rfb1 Kc7 26. Na4 c4 27. Nc5
Bc8 28. Ne2 Nb5 29. Nf4 Rd2 30. Ba4 c3 31. Rxd2 cxd2 32. Bxb5 cxb5 33. Rd1 Kc6
34. Nb3 Rd8 35. Kf2 b4 36. Ke3 Kb5 37. Rxd2 Rxd2 38. Kxd2 a5 39. Kc2 Be6 40.
Nxe6 1-0

[Event "Dragons-Tyros"]
[Site "?"]
[Date "2001.12.05"]
[Round "?"]
[White "Salerno, Steve"]
[Black "Valdez, Clarence"]
[Result "*"]
[WhiteElo "1392"]
[BlackElo "1418"]
[PlyCount "45"]
[EventDate "2001.??.??"]

1. e4 c5 2. Nf3 Nc6 3. d4 e6 4. d5 exd5 5. exd5 Nce7 6. d6 Qa5+ 7. Bd2 Qb6 8.
dxe7 Qe6+ 9. Qe2 Bxe7 10. Qxe6 dxe6 11. Bb5+ Bd7 12. Bxd7+ Kxd7 13. Ne5+ Ke8
14. O-O Bf6 15. Bc3 Ne7 16. Nf3 Nc6 17. Bxf6 gxf6 18. Rd1 Ke7 19. c4 Rhd8 20.
Nc3 Rxd1+ 21. Rxd1 Rd8 22. Rxd8 Nxd8 23. Ne4 {and abandoned under protest} *

[Event "Dragons-Tyros"]
[Site "?"]
[Date "2001.12.05"]
[Round "?"]
[White "Altshuller, Dmitry"]
[Black "Buchner, Bob"]
[Result "0-1"]
[WhiteElo "1819"]
[BlackElo "1755"]
[PlyCount "64"]
[EventDate "2001.??.??"]

1. e4 e5 2. Nc3 Nf6 3. Bc4 c6 4. f4 d5 5. exd5 Nxd5 6. Qh5 exf4 7. Nxd5 cxd5 8.
Bxd5 Qe7+ 9. Qe2 Be6 10. Bf3 Qh4+ 11. Qf2 Qxf2+ 12. Kxf2 Nc6 13. Ne2 Bc5+ 14.
Ke1 g5 15. c3 Bd6 16. d4 Bf5 17. Kf2 O-O-O 18. Bxc6 bxc6 19. c4 Rhe8 20. Bd2
Bd3 21. Rhe1 Bxc4 22. Rac1 Rxe2+ 23. Rxe2 Bxe2 24. Kxe2 Kd7 25. Kf3 f5 26. h3
h6 27. Re1 Re8 28. Rxe8 Kxe8 29. h4 g4+ 30. Kf2 h5 31. b4 Kd7 32. a4 Ke6 0-1

[Event "Tyros-Dragons"]
[Site "?"]
[Date "2001.12.05"]
[Round "?"]
[White "Hahne, Dan"]
[Black "Eustace, Dan"]
[Result "0-1"]
[WhiteElo "1646"]
[BlackElo "1564"]
[PlyCount "102"]
[EventDate "2001.??.??"]

1. d4 Nf6 2. c4 c5 3. d5 g6 4. Nc3 Bg7 5. e4 d6 6. Bd3 O-O 7. Nge2 e6 8. O-O
exd5 9. cxd5 a6 10. a4 Nbd7 11. f4 Qb6 12. Bc4 Qb4 13. a5 Qxc4 14. Ra4 Qxa4 15.
Nxa4 Nxe4 16. Nec3 Bd4+ 17. Kh1 Nf2+ 18. Rxf2 Bxf2 19. Qe2 Bd4 20. Qe7 Nf6 21.
Nb6 Re8 22. Qxe8+ Nxe8 23. Nxa8 Bf5 24. Nb6 Nf6 25. Nc4 Ne4 26. Ne2 Bf6 27. h3
Kf8 28. g4 Bd7 29. Nc3 Nxc3 30. bxc3 Ke7 31. Bd2 Bb5 32. Ne3 Kd7 33. Kg1 Kc7
34. c4 Ba4 35. Kf1 b6 36. Ke2 b5 37. cxb5 axb5 38. f5 b4 39. Nc4 Bb5 40. Kd3
Kb7 41. fxg6 fxg6 42. Bf4 Be5 43. Bd2 Bxc4+ 44. Kxc4 Ka6 45. Be1 Kxa5 46. Bd2
Ka4 47. Be3 Ka3 48. Kb5 b3 49. Bc1+ Ka2 50. Kc4 b2 51. Bxb2 Kxb2 0-1

[Event "Rooks-Dragons"]
[Site "?"]
[Date "????.??.??"]
[Round "?"]
[White "Baurac, D."]
[Black "Altshuller, Dmitry"]
[Result "1/2-1/2"]
[WhiteElo "1736"]
[BlackElo "1819"]
[PlyCount "76"]

1. d4 Nf6 2. Nf3 g6 3. Bf4 Bg7 4. Nbd2 d6 5. h3 Nh5 6. Bh2 Nd7 7. e3 c5 8. c3
O-O 9. Be2 Qe8 10. O-O e5 11. dxe5 dxe5 12. e4 b6 13. Bb5 a6 14. Bxd7 Bxd7 15.
Nc4 Bb5 16. Nd6 Qe7 17. Nxb5 axb5 18. Qe2 c4 19. Rfd1 Rfd8 20. a3 Bf6 21. Rxd8+
Rxd8 22. Rd1 Rxd1+ 23. Qxd1 Nf4 24. Bxf4 exf4 25. Qd5 Qc5 26. Qd7 Kg7 27. Nd4
Bxd4 28. Qxd4+ Kh6 29. Kf1 Qh5 30. Qd5 Kg7 31. Qxh5 gxh5 32. Ke2 Kf6 33. Kf3
Ke5 34. g3 fxg3 35. fxg3 f5 36. exf5 Kxf5 37. Ke3 Ke5 38. Kf3 Kf5 1/2-1/2

[Event "Dragons-Fermilab"]
[Site "?"]
[Date "2002.02.04"]
[Round "?"]
[White "Eustace, Dan"]
[Black "Gomez, G."]
[Result "1/2-1/2"]
[WhiteElo "1564"]
[BlackElo "1722"]
[PlyCount "39"]
[EventDate "2002.??.??"]

1. e4 e5 2. Nf3 Nc6 3. d4 exd4 4. Nxd4 Bc5 5. Be3 Qf6 6. c3 Nge7 7. Be2 O-O 8.
O-O d5 9. exd5 Nxd5 10. Nc2 Nxe3 11. Nxe3 Bxe3 12. fxe3 Qg5 13. Rf3 Bg4 14. Rg3
Bxe2 15. Qxe2 Qe7 16. Nd2 Rad8 17. Nf3 Rd6 18. Qf2 Rfd8 19. Nd4 Nxd4 20. exd4
1/2-1/2

[Event "Fermilab-Dragons"]
[Site "?"]
[Date "2002.02.04"]
[Round "?"]
[White "Staples, Carl"]
[Black "Breyer, Andy"]
[Result "1-0"]
[WhiteElo "1591"]
[BlackElo "1358"]
[PlyCount "91"]
[EventDate "2002.??.??"]

1. c4 e5 2. g3 Bc5 3. Bg2 Nf6 4. Nc3 c6 5. e4 d6 6. Nge2 Be6 7. d3 Nbd7 8. h3
b5 9. cxb5 cxb5 10. Nxb5 Qb6 11. d4 Bb4+ 12. Nbc3 O-O 13. O-O Qa5 14. d5 Bxh3
15. Bxh3 Nc5 16. Bg2 Qa6 17. a3 Bxc3 18. Nxc3 Nd3 19. Qe2 Rab8 20. Rd1 Qb6 21.
Qxd3 Ng4 22. Qe2 h5 23. Bf3 f5 24. Bxg4 fxg4 25. Rb1 Rf7 26. Be3 Qc7 27. Rdc1
Qe7 28. Nb5 a5 29. Rc7 Qd8 30. Rxf7 Kxf7 31. Rc1 Rb7 32. a4 Kg6 33. Rc6 Rd7 34.
Bb6 Qe7 35. Rc7 Kh6 36. Rxd7 Qxd7 37. Be3+ g5 38. Qc4 Kg6 39. Qc6 Qf7 40. Qxd6+
Kh7 41. Qc7 Qxc7 42. Nxc7 h4 43. d6 hxg3 44. d7 gxf2+ 45. Kxf2 Kh6 46. d8=Q 1-0

[Event "Fermilab-Dragons"]
[Site "?"]
[Date "2002.02.18"]
[Round "?"]
[White "Bezzubov"]
[Black "Tegel"]
[Result "1/2-1/2"]
[WhiteElo "2277"]
[BlackElo "2072"]
[PlyCount "48"]
[EventDate "2002.??.??"]

1. e4 c5 2. Nf3 d6 3. Bb5+ Bd7 4. Bxd7+ Nxd7 5. O-O Ngf6 6. Re1 e6 7. c3 Be7 8.
d4 O-O 9. Nbd2 cxd4 10. cxd4 a6 11. b3 Re8 12. Bb2 b5 13. Rc1 Rc8 14. Re3 Nb6
15. Rxc8 Qxc8 16. Rc3 Qb7 17. Qc2 Rc8 18. Rxc8+ Nxc8 19. h3 h6 20. Nf1 Na7 21.
N1d2 Bd8 22. Nf1 Nc6 23. Bc3 a5 24. Qd3 Na7 1/2-1/2

[Event "Fermilab-Dragons"]
[Site "?"]
[Date "2002.02.18"]
[Round "?"]
[White "Gaines, Irwin"]
[Black "Altshuler, Dmitry"]
[Result "1/2-1/2"]
[WhiteElo "1777"]
[BlackElo "1819"]
[PlyCount "45"]
[EventDate "2002.??.??"]

1. d4 f5 2. Bg5 g6 3. Nc3 Bg7 4. e4 fxe4 5. Nxe4 d5 6. Nc3 Nf6 7. Qd2 O-O 8.
O-O-O Ne4 9. Nxe4 dxe4 10. Bc4+ Kh8 11. Bh6 Bxh6 12. Qxh6 Rxf2 13. Nh3 Bxh3 14.
Qxh3 Nc6 15. Qc3 Qd6 16. g3 Rf3 17. Qd2 Raf8 18. Rhe1 Rf2 19. Re2 Qf6 20. Qe3
Rxe2 21. Bxe2 e5 22. Rf1 Qe7 23. Rxf8+ 1/2-1/2

[Event "Fermilab-Salerno"]
[Site "?"]
[Date "2002.02.18"]
[Round "?"]
[White "Gomez, G."]
[Black "Salerno, S."]
[Result "1-0"]
[WhiteElo "1722"]
[BlackElo "1392"]
[PlyCount "57"]
[EventDate "2002.??.??"]

1. e4 c5 2. Nf3 d6 3. c4 Nc6 4. d4 cxd4 5. Nxd4 e6 6. Nc3 Be7 7. a3 Bf6 8. Be3
Nge7 9. Be2 O-O 10. O-O a6 11. b4 Qc7 12. Rc1 Nxd4 13. Bxd4 Bxd4 14. Qxd4 Rd8
15. Qe3 b6 16. Rfd1 Bd7 17. Rd2 Be8 18. Rcd1 Rab8 19. Qg3 Nc8 20. e5 d5 21.
cxd5 exd5 22. Nxd5 Rxd5 23. Rxd5 Ne7 24. R5d3 Ng6 25. e6 Qxg3 26. exf7+ Kxf7
27. fxg3 Rc8 28. Rf3+ Ke7 29. Bxa6 1-0

[Event "Dragons-Fermilab"]
[Site "?"]
[Date "2002.02.18"]
[Round "?"]
[White "Breyer, Andy"]
[Black "Staples, Carl"]
[Result "0-1"]
[WhiteElo "1358"]
[BlackElo "1591"]
[PlyCount "65"]
[EventDate "2002.??.??"]

1. e4 c5 2. Nf3 a6 3. d4 cxd4 4. Nxd4 Nf6 5. Nc3 Qc7 6. Bd2 e6 7. a3 Bc5 8. Be3
d6 9. Bd3 O-O 10. Qf3 Nbd7 11. b4 Bxb4 12. axb4 Qxc3+ 13. Ke2 Qxb4 14. Rhb1 Qc3
15. Nb5 Qc6 16. Ra5 b6 17. Nd4 Qc7 18. Rg5 Ne5 19. Qg3 g6 20. h4 Nxd3 21. Kxd3
Bb7 22. f3 Rac8 23. Qf4 Nd7 24. Ke2 e5 25. Rxg6+ fxg6 26. Qh6 exd4 27. Bxd4
Qxc2+ 28. Ke3 Rc3+ 29. Bxc3 Qxc3+ 30. Kf2 Qc2+ 31. Kg3 Qxb1 32. f4 Qxe4 33. Qg5
0-1

[Event "Excaliburs-Kemper"]
[Site "?"]
[Date "2002.02.26"]
[Round "?"]
[White "Friske, Tom"]
[Black "Siwek, Mark"]
[Result "1/2-1/2"]
[WhiteElo "2006"]
[BlackElo "1984"]
[PlyCount "56"]
[EventDate "2002.??.??"]

1. d4 d5 2. c4 e6 3. Nc3 Nf6 4. Bg5 Nbd7 5. e3 c6 6. Qc2 Qa5 7. Bxf6 Nxf6 8.
Nf3 Bb4 9. Nd2 Ne4 10. Ndxe4 dxe4 11. Be2 e5 12. O-O Bxc3 13. bxc3 O-O 14. Qxe4
Qxc3 15. dxe5 Re8 16. Qd4 Qa5 17. f4 Rd8 18. Qe4 g6 19. Qf3 Be6 20. Kh1 Rd2 21.
e4 Rf8 22. f5 gxf5 23. exf5 Qxe5 24. fxe6 Rxe2 25. exf7+ Kh8 26. a4 Re3 27. Qf2
Re2 28. Qf3 Re3 1/2-1/2

[Event "Kemper-Excaliburs"]
[Site "?"]
[Date "2002.02.26"]
[Round "?"]
[White "Leong, Gee"]
[Black "Sollano, Ely"]
[Result "0-1"]
[WhiteElo "1974"]
[BlackElo "1983"]
[PlyCount "61"]
[EventDate "2002.??.??"]

1. e4 c5 2. Nf3 e6 3. d4 cxd4 4. Nxd4 a6 5. c4 Nf6 6. Nc3 Bb4 7. Bd3 Nc6 8.
Nxc6 dxc6 9. O-O e5 10. Qe2 O-O 11. a3 Bxc3 12. bxc3 h6 13. f4 Bg4 14. Qf2 Qxd3
15. fxe5 Nxe4 16. Qf4 Be6 17. Rf3 Qxc4 18. Be3 g5 19. Rg3 Nxg3 20. Qxg3 Qh4 21.
Qf3 Bd5 22. Qe2 Qe4 23. Rd1 f6 24. e6 Qxe6 25. Qf2 Rf7 26. h4 Re8 27. Bd4 b5
28. Qg3 Bc4 29. Bf2 Rd7 30. Re1 Qf7 31. Bc5 0-1

[Event "Excaliburs-Kemper"]
[Site "?"]
[Date "2002.02.26"]
[Round "?"]
[White "Kogan, Greg"]
[Black "Hughes, Norm"]
[Result "1-0"]
[WhiteElo "1815"]
[BlackElo "1730"]
[PlyCount "41"]
[EventDate "2002.??.??"]

1. d4 d5 2. c4 dxc4 3. e4 e5 4. Bxc4 Bb4+ 5. Bd2 Qxd4 6. Bxb4 Qxc4 7. Bf8 Qxe4+
8. Ne2 Ne7 9. Bxg7 Rg8 10. Nbc3 Qc6 11. Bxe5 Qxg2 12. Ng3 Rxg3 13. Bxg3 Qxh1+
14. Kd2 Qxd1+ 15. Rxd1 Bg4 16. Re1 Na6 17. Ne4 Rd8+ 18. Kc1 Bf5 19. Nf6+ Kf8
20. Bf4 Nb4 21. Bh6# 1-0

[Event "Kemper-Excaliburs"]
[Site "?"]
[Date "2002.02.26"]
[Round "?"]
[White "Olsen, Art"]
[Black "Sullivan, Jim"]
[Result "0-1"]
[WhiteElo "1574"]
[BlackElo "1726"]
[PlyCount "66"]
[EventDate "2002.??.??"]

1. d4 d5 2. e3 Nf6 3. Bd3 c5 4. c3 Nc6 5. Nd2 e6 6. Ngf3 h6 7. e4 cxd4 8. cxd4
dxe4 9. Nxe4 Bb4+ 10. Bd2 Bxd2+ 11. Nexd2 O-O 12. Nb3 Qd6 13. O-O b6 14. Re1
Bb7 15. Ne5 Rad8 16. Nxc6 Bxc6 17. Be2 Qf4 18. f3 Ba4 19. g3 Qe3+ 20. Kg2 Bxb3
21. Qxb3 Qxb3 22. axb3 Rxd4 23. Rxa7 Rd2 24. Ra2 Rfd8 25. Ra4 Rc2 26. Kf1 Nd5
27. Kf2 g6 28. Rc4 Rxb2 29. Rec1 Rxb3 30. Rd1 Rb2 31. Rcc1 Kg7 32. h3 b5 33.
Kg1 33... b4 {and Black won in a few more moves} 0-1

[Event "Excaliburs-Kemper"]
[Site "?"]
[Date "2002.02.26"]
[Round "?"]
[White "Weitz, Ron"]
[Black "Subeck, Jeff"]
[Result "1-0"]
[WhiteElo "1640"]
[BlackElo "1374"]
[PlyCount "55"]
[EventDate "2002.??.??"]

1. e4 e5 2. c4 Nf6 3. d3 Bc5 4. g3 d6 5. h3 Nc6 6. Nc3 h6 7. Nge2 Be6 8. Bg2
Qd7 9. a3 Nh7 10. Nd5 O-O-O 11. b4 Bd4 12. Nxd4 Nxd4 13. Be3 c5 14. b5 Bxd5 15.
Bxd4 Bxc4 16. dxc4 cxd4 17. h4 Qc7 18. O-O Kb8 19. a4 Nf6 20. Rc1 b6 21. f4 Qc5
22. Kh1 g6 23. Qf3 Kb7 24. fxe5 Ne8 25. exd6 Kb8 26. e5 Nxd6 27. exd6 Rd7 28.
Qa8# 1-0

[Event "Tyros-Dragons"]
[Site "?"]
[Date "2002.03.04"]
[Round "?"]
[White "Diaz, Pablo"]
[Black "Tegel, F."]
[Result "1-0"]
[WhiteElo "1981"]
[BlackElo "2072"]
[PlyCount "75"]
[EventDate "2002.??.??"]

1. e4 c5 2. Nf3 d6 3. d4 cxd4 4. Nxd4 Nf6 5. Nc3 a6 6. Bc4 e6 7. O-O Qc7 8. Qe2
Be7 9. Be3 O-O 10. a4 Nc6 11. Nb3 Bd7 12. h3 Nb4 13. a5 Nxc2 14. Bb6 Qc8 15.
Rac1 Nb4 16. Rfd1 Bc6 17. Qe1 Re8 18. Nd4 d5 19. Nxc6 bxc6 20. Bb3 Qb7 21. exd5
Nfxd5 22. Nxd5 Nxd5 23. Ba4 Rec8 24. Bd4 c5 25. Be5 Qb4 26. Qxb4 cxb4 27. Bc6
Nc3 28. Bxa8 Ne2+ 29. Kf1 Nxc1 30. Bb7 Rc5 31. Bd6 Bxd6 32. Rxd6 g6 33. Rxa6
Kg7 34. Rc6 Rxa5 35. Rxc1 b3 36. Rc3 Rb5 37. Bf3 Kf6 38. Bd1 1-0

[Event "Dragons-Tyros"]
[Site "?"]
[Date "2002.03.04"]
[Round "?"]
[White "Pehas, A."]
[Black "Guio, J."]
[Result "1/2-1/2"]
[WhiteElo "1931"]
[BlackElo "1919"]
[PlyCount "44"]
[EventDate "2002.??.??"]

1. e4 c5 2. Nc3 e6 3. g3 Nc6 4. Bg2 d6 5. d3 h5 6. h3 h4 7. g4 e5 8. f4 exf4 9.
Bxf4 Be6 10. Nf3 Be7 11. Qd2 Qa5 12. O-O Nf6 13. e5 dxe5 14. Nxe5 Rc8 15. Nxc6
bxc6 16. Rae1 Nd5 17. Nxd5 Qxd2 18. Bxd2 cxd5 19. Bc3 d4 20. Bd2 c4 21. Be4 O-O
22. Bf4 Bb4 1/2-1/2

[Event "Dragons-Tyros"]
[Site "?"]
[Date "2002.03.04"]
[Round "?"]
[White "Blackmon, Eric"]
[Black "Buchner, Bob"]
[Result "1-0"]
[WhiteElo "1726"]
[BlackElo "1755"]
[PlyCount "88"]
[EventDate "2002.??.??"]

1. e4 e5 2. Nf3 Nf6 3. Nxe5 d6 4. Nf3 Nxe4 5. d3 Nf6 6. Nc3 Nc6 7. Be2 Be7 8.
h3 d5 9. d4 Ne4 10. a3 Nxc3 11. bxc3 Bf6 12. O-O O-O 13. Be3 Be6 14. Rb1 b6 15.
Qd2 Na5 16. Rfd1 c6 17. Bd3 Be7 18. a4 f6 19. Qe2 Qd7 20. Nh4 Rac8 21. Qh5 f5
22. g4 Bxh4 23. Qxh4 g6 24. g5 Nc4 25. Bf4 Qf7 26. Re1 Bd7 27. Bxc4 dxc4 28.
Re5 Rfe8 29. Rbe1 Rxe5 30. Rxe5 Re8 31. Rxe8+ Qxe8 32. Be5 Be6 33. Qf4 Bd5 34.
f3 Qe7 35. Kf2 a6 36. Bf6 Qe8 37. Qc7 Qf7 38. Qxb6 h5 39. Qxa6 Qd7 40. Qa8+ Kf7
41. Qh8 Ke6 42. Qg8+ Kd6 43. Be5+ Ke7 44. Qxg6 f4 1-0

[Event "Dragons-Tyros"]
[Site "?"]
[Date "2002.03.04"]
[Round "?"]
[White "Hahne, D."]
[Black "Eustace, Dan"]
[Result "1-0"]
[WhiteElo "1646"]
[BlackElo "1564"]
[PlyCount "61"]
[EventDate "2002.??.??"]

1. d4 Nf6 2. c4 c5 3. d5 g6 4. Nc3 Bg7 5. e4 d6 6. Be2 O-O 7. Nf3 e6 8. O-O
exd5 9. cxd5 a6 10. a4 Re8 11. Nd2 Nbd7 12. f3 Ne5 13. Nc4 Nxc4 14. Bxc4 Bd7
15. Bf4 Qc7 16. g4 Rab8 17. Qd2 b5 18. axb5 axb5 19. Be2 Qb6 20. Kg2 Ra8 21.
Be3 b4 22. Na2 Ra5 23. Nxb4 Rxa1 24. Rxa1 Qxb4 25. Qxb4 cxb4 26. Ra7 Bxg4 27.
fxg4 Nxd5 28. Bc1 Rxe4 29. Ra8+ Bf8 30. Bh6 Rxe2+ 31. Kf1 1-0

[Event "Dragons-Tyros"]
[Site "?"]
[Date "2002.03.04"]
[Round "?"]
[White "Salerno, Steve"]
[Black "Smith, Brian"]
[Result "1/2-1/2"]
[WhiteElo "1392"]
[BlackElo "1623"]
[PlyCount "33"]
[EventDate "2002.??.??"]

1. e4 d5 2. exd5 Qxd5 3. Nc3 Qa5 4. d4 Nf6 5. Bd3 Bg4 6. Nf3 Nc6 7. Bb5 e6 8.
O-O a6 9. Bxc6+ bxc6 10. Qd3 Be7 11. Ne5 Qb6 12. Qc4 O-O 13. Bg5 Rfd8 14. Nxc6
Re8 15. Nxe7+ Rxe7 16. Bxf6 gxf6 17. Ne4 1/2-1/2

[Event "Dragons-Tyros"]
[Site "?"]
[Date "2002.03.04"]
[Round "?"]
[White "Breyer, Andy"]
[Black "Savcic, Vlado"]
[Result "1-0"]
[WhiteElo "1358"]
[BlackElo "1125"]
[PlyCount "89"]
[EventDate "2002.??.??"]

1. e4 e5 2. Nf3 d6 3. Bc4 Nf6 4. Ng5 d5 5. exd5 Nxd5 6. Qf3 Be6 7. d3 Be7 8. h4
Nc6 9. c3 Qd7 10. Nd2 O-O-O 11. Nde4 Bg4 12. Qg3 f6 13. Nf7 Nb6 14. O-O f5 15.
Nxh8 Rxh8 16. Ng5 f4 17. Qxg4 Qxg4 18. Be6+ Qxe6 19. Nxe6 Bxh4 20. d4 Kd7 21.
Nc5+ Kc8 22. dxe5 Nxe5 23. Bxf4 Ng6 24. Ne6 Nd5 25. g3 Bf6 26. c4 Ndxf4 27.
gxf4 Bxb2 28. Rae1 Bf6 29. Re4 Nf8 30. Rfe1 Nd7 31. Kg2 b6 32. Kh3 Rg8 33. Ng5
Kd8 34. Nf7+ Kc8 35. Re8+ Rxe8 36. Rxe8+ Kb7 37. f5 Nc5 38. Nd8+ Ka6 39. Ne6
Ne4 40. Nxc7+ Kb7 41. Ne6 Nxf2+ 42. Kg2 Nd3 43. Nxg7 h6 44. Nh5 Ne5 45. Nxf6
1-0